00378pab a2200133 454500008004000000100001900040245005500059260000900114300001500123362001200138650002900150650002100179773004400200180718b1987 xxu||||| |||| 00| 0 eng d aDatta, Abhijit aConstitutional status of local government in India c1987 ap.309-317. aApr-Jun aLocal government - India aLocal government aIndian Journal of Public Administration